Statistics for Where Are You From?

Click here to take the quiz!

General Stats

  • This quiz has been taken 19 times
  • The average score is 1 of 253

Answer Stats

QuestionTileSelect% Correct
Select your country (T-Z) (If your country isn't on this question, leave it blank)United States of AmericaYes
29%
Select your country (T-Z) (If your country isn't on this question, leave it blank)United KingdomYes
18%
Select your country (A-B) (If your country isn't on this question, leave it blank)AustraliaYes
12%
Dependencies and other territories(Extra tile, don't click)Yes
12%
Select your country (A-B) (If your country isn't on this question, leave it blank)ArgentinaYes
6%
Select your country (B-D) (If your country isn't on this question, leave it blank)CanadaYes
6%
Select your country (E-H) (If your country isn't on this question, leave it blank)GermanyYes
6%
Select your country (H-L) (If your country isn't on this question, leave it blank)IrelandYes
6%
Select your country (S-T) (If your country isn't on this question, leave it blank)SingaporeYes
6%
Dependencies and other territoriesVirgin IslandsYes
6%
Select your country (A-B) (If your country isn't on this question, leave it blank)AfghanistanYes
0%
Select your country (A-B) (If your country isn't on this question, leave it blank)AlbaniaYes
0%
Select your country (A-B) (If your country isn't on this question, leave it blank)AlgeriaYes
0%
Dependencies and other territories (A-I) (If yours isn't on this question, leave it blank)American SamoaYes
0%
Select your country (A-B) (If your country isn't on this question, leave it blank)AndorraYes
0%
Select your country (A-B) (If your country isn't on this question, leave it blank)AngolaYes
0%
Dependencies and other territories (A-I) (If yours isn't on this question, leave it blank)AnguillaYes
0%
Select your country (A-B) (If your country isn't on this question, leave it blank)Antigua and BarbudaYes
0%
Select your country (A-B) (If your country isn't on this question, leave it blank)ArmeniaYes
0%
Dependencies and other territories (A-I) (If yours isn't on this question, leave it blank)ArubaYes
0%
Dependencies and other territories (A-I) (If yours isn't on this question, leave it blank)Ashmore and Cartier IslandsYes
0%
Select your country (A-B) (If your country isn't on this question, leave it blank)AustriaYes
0%
Select your country (A-B) (If your country isn't on this question, leave it blank)AzerbaijanYes
0%
Select your country (A-B) (If your country isn't on this question, leave it blank)BahamasYes
0%
Select your country (A-B) (If your country isn't on this question, leave it blank)BahrainYes
0%
Dependencies and other territories (A-I) (If yours isn't on this question, leave it blank)Baker and Howland IslandsYes
0%
Select your country (A-B) (If your country isn't on this question, leave it blank)BangladeshYes
0%
Select your country (A-B) (If your country isn't on this question, leave it blank)BarbadosYes
0%
Select your country (A-B) (If your country isn't on this question, leave it blank)BelarusYes
0%
Select your country (A-B) (If your country isn't on this question, leave it blank)BelgiumYes
0%
Select your country (A-B) (If your country isn't on this question, leave it blank)BelizeYes
0%
Select your country (A-B) (If your country isn't on this question, leave it blank)BeninYes
0%
Dependencies and other territories (A-I) (If yours isn't on this question, leave it blank)BermudaYes
0%
Select your country (A-B) (If your country isn't on this question, leave it blank)BhutanYes
0%
Select your country (A-B) (If your country isn't on this question, leave it blank)BoliviaYes
0%
Select your country (A-B) (If your country isn't on this question, leave it blank)Bosnia and HerzegovinaYes
0%
Select your country (A-B) (If your country isn't on this question, leave it blank)BotswanaYes
0%
Dependencies and other territories (A-I) (If yours isn't on this question, leave it blank)Bouvet IslandYes
0%
Select your country (A-B) (If your country isn't on this question, leave it blank)BrazilYes
0%
Dependencies and other territories (A-I) (If yours isn't on this question, leave it blank)British Indian Ocean TerritoryYes
0%
Dependencies and other territories (A-I) (If yours isn't on this question, leave it blank)British Virgin IslandsYes
0%
Select your country (A-B) (If your country isn't on this question, leave it blank)BruneiYes
0%
Select your country (B-D) (If your country isn't on this question, leave it blank)BulgariaYes
0%
Select your country (B-D) (If your country isn't on this question, leave it blank)Burkina FasoYes
0%
Select your country (B-D) (If your country isn't on this question, leave it blank)BurundiYes
0%
Select your country (B-D) (If your country isn't on this question, leave it blank)Cabo VerdeYes
0%
Select your country (B-D) (If your country isn't on this question, leave it blank)CambodiaYes
0%
Select your country (B-D) (If your country isn't on this question, leave it blank)CameroonYes
0%
Dependencies and other territories (A-I) (If yours isn't on this question, leave it blank)Cayman IslandsYes
0%
Select your country (B-D) (If your country isn't on this question, leave it blank)Central African RepublicYes
0%
Select your country (B-D) (If your country isn't on this question, leave it blank)ChadYes
0%
Select your country (B-D) (If your country isn't on this question, leave it blank)ChileYes
0%
Select your country (B-D) (If your country isn't on this question, leave it blank)ChinaYes
0%
Dependencies and other territories (A-I) (If yours isn't on this question, leave it blank)Christmas IslandYes
0%
Dependencies and other territories (A-I) (If yours isn't on this question, leave it blank)Cocos IslandsYes
0%
Select your country (B-D) (If your country isn't on this question, leave it blank)ColombiaYes
0%
Select your country (B-D) (If your country isn't on this question, leave it blank)ComorosYes
0%
Select your country (B-D) (If your country isn't on this question, leave it blank)Congo (Congo-Brazzaville)Yes
0%
Dependencies and other territories (A-I) (If yours isn't on this question, leave it blank)Cook IslandsYes
0%
Dependencies and other territories (A-I) (If yours isn't on this question, leave it blank)Coral Sea IslandsYes
0%
Select your country (B-D) (If your country isn't on this question, leave it blank)Costa RicaYes
0%
Select your country (B-D) (If your country isn't on this question, leave it blank)Côte d'IvoireYes
0%
Select your country (B-D) (If your country isn't on this question, leave it blank)CroatiaYes
0%
Select your country (B-D) (If your country isn't on this question, leave it blank)CubaYes
0%
Select your country (B-D) (If your country isn't on this question, leave it blank)CyprusYes
0%
Select your country (B-D) (If your country isn't on this question, leave it blank)Czechia (Czech Republic)Yes
0%
Select your country (B-D) (If your country isn't on this question, leave it blank)Democratic Republic of the CongoYes
0%
Select your country (B-D) (If your country isn't on this question, leave it blank)DenmarkYes
0%
Select your country (B-D) (If your country isn't on this question, leave it blank)DjiboutiYes
0%
Select your country (B-D) (If your country isn't on this question, leave it blank)DominicaYes
0%
Select your country (B-D) (If your country isn't on this question, leave it blank)Dominican RepublicYes
0%
Select your country (E-H) (If your country isn't on this question, leave it blank)EcuadorYes
0%
Select your country (E-H) (If your country isn't on this question, leave it blank)EgyptYes
0%
Select your country (E-H) (If your country isn't on this question, leave it blank)El SalvadorYes
0%
Select your country (E-H) (If your country isn't on this question, leave it blank)Equatorial GuineaYes
0%
Select your country (E-H) (If your country isn't on this question, leave it blank)EritreaYes
0%
Select your country (E-H) (If your country isn't on this question, leave it blank)EstoniaYes
0%
Select your country (E-H) (If your country isn't on this question, leave it blank)Eswatini (fmr. "Swaziland")Yes
0%
Select your country (E-H) (If your country isn't on this question, leave it blank)EthiopiaYes
0%
Dependencies and other territories (A-I) (If yours isn't on this question, leave it blank)Faeroe IslandsYes
0%
Dependencies and other territories (A-I) (If yours isn't on this question, leave it blank)Falkland IslandsYes
0%
Select your country (E-H) (If your country isn't on this question, leave it blank)FijiYes
0%
Select your country (E-H) (If your country isn't on this question, leave it blank)FinlandYes
0%
Select your country (E-H) (If your country isn't on this question, leave it blank)FranceYes
0%
Dependencies and other territories (A-I) (If yours isn't on this question, leave it blank)French GuianaYes
0%
Dependencies and other territories (A-I) (If yours isn't on this question, leave it blank)French PolynesiaYes
0%
Select your country (E-H) (If your country isn't on this question, leave it blank)GabonYes
0%
Select your country (E-H) (If your country isn't on this question, leave it blank)GambiaYes
0%
Select your country (E-H) (If your country isn't on this question, leave it blank)GeorgiaYes
0%
Select your country (E-H) (If your country isn't on this question, leave it blank)GhanaYes
0%
Dependencies and other territories (A-I) (If yours isn't on this question, leave it blank)GibraltarYes
0%
Select your country (E-H) (If your country isn't on this question, leave it blank)GreeceYes
0%
Select your country (E-H) (If your country isn't on this question, leave it blank)GrenadaYes
0%
Dependencies and other territories (A-I) (If yours isn't on this question, leave it blank)GuadeloupeYes
0%
Dependencies and other territories (A-I) (If yours isn't on this question, leave it blank)GuamYes
0%
Select your country (E-H) (If your country isn't on this question, leave it blank)GuatemalaYes
0%
Dependencies and other territories (A-I) (If yours isn't on this question, leave it blank)GuernseyYes
0%
Select your country (E-H) (If your country isn't on this question, leave it blank)GuineaYes
0%
Select your country (E-H) (If your country isn't on this question, leave it blank)Guinea-BissauYes
0%
Select your country (E-H) (If your country isn't on this question, leave it blank)GuyanaYes
0%
Select your country (E-H) (If your country isn't on this question, leave it blank)HaitiYes
0%
Dependencies and other territories (A-I) (If yours isn't on this question, leave it blank)Heard and Mc Donald IslandsYes
0%
Select your country (E-H) (If your country isn't on this question, leave it blank)Holy See (Vatican City)Yes
0%
Select your country (E-H) (If your country isn't on this question, leave it blank)HondurasYes
0%
Dependencies and other territories (A-I) (If yours isn't on this question, leave it blank)Hong KongYes
0%
Select your country (H-L) (If your country isn't on this question, leave it blank)HungaryYes
0%
Select your country (H-L) (If your country isn't on this question, leave it blank)IcelandYes
0%
Select your country (H-L) (If your country isn't on this question, leave it blank)IndiaYes
0%
Select your country (H-L) (If your country isn't on this question, leave it blank)IndonesiaYes
0%
Select your country (H-L) (If your country isn't on this question, leave it blank)IranYes
0%
Select your country (H-L) (If your country isn't on this question, leave it blank)IraqYes
0%
Dependencies and other territories (A-I) (If yours isn't on this question, leave it blank)Isle of ManYes
0%
Select your country (H-L) (If your country isn't on this question, leave it blank)IsraelYes
0%
Select your country (H-L) (If your country isn't on this question, leave it blank)ItalyYes
0%
Select your country (H-L) (If your country isn't on this question, leave it blank)JamaicaYes
0%
Dependencies and other territories (J-S) (If yours isn't on this question, leave it blank)Jan MayenYes
0%
Select your country (H-L) (If your country isn't on this question, leave it blank)JapanYes
0%
Dependencies and other territories (J-S) (If yours isn't on this question, leave it blank)Jarvis IslandYes
0%
Dependencies and other territories (J-S) (If yours isn't on this question, leave it blank)JerseyYes
0%
Dependencies and other territories (J-S) (If yours isn't on this question, leave it blank)Johnston AtollYes
0%
Select your country (H-L) (If your country isn't on this question, leave it blank)JordanYes
0%
Select your country (H-L) (If your country isn't on this question, leave it blank)KazakhstanYes
0%
Select your country (H-L) (If your country isn't on this question, leave it blank)KenyaYes
0%
Dependencies and other territories (J-S) (If yours isn't on this question, leave it blank)Kingman ReefYes
0%
Select your country (H-L) (If your country isn't on this question, leave it blank)KiribatiYes
0%
Select your country (H-L) (If your country isn't on this question, leave it blank)KuwaitYes
0%
Select your country (H-L) (If your country isn't on this question, leave it blank)KyrgyzstanYes
0%
Select your country (H-L) (If your country isn't on this question, leave it blank)LaosYes
0%
Select your country (H-L) (If your country isn't on this question, leave it blank)LatviaYes
0%
Select your country (H-L) (If your country isn't on this question, leave it blank)LebanonYes
0%
Select your country (H-L) (If your country isn't on this question, leave it blank)LesothoYes
0%
Select your country (H-L) (If your country isn't on this question, leave it blank)LiberiaYes
0%
Select your country (H-L) (If your country isn't on this question, leave it blank)LibyaYes
0%
Select your country (H-L) (If your country isn't on this question, leave it blank)LiechtensteinYes
0%
Select your country (H-L) (If your country isn't on this question, leave it blank)LithuaniaYes
0%
Select your country (L-N) (If your country isn't on this question, leave it blank)LuxembourgYes
0%
Dependencies and other territories (J-S) (If yours isn't on this question, leave it blank)MacaoYes
0%
Select your country (L-N) (If your country isn't on this question, leave it blank)MadagascarYes
0%
Select your country (L-N) (If your country isn't on this question, leave it blank)MalawiYes
0%
Select your country (L-N) (If your country isn't on this question, leave it blank)MalaysiaYes
0%
Select your country (L-N) (If your country isn't on this question, leave it blank)MaldivesYes
0%
Select your country (L-N) (If your country isn't on this question, leave it blank)MaliYes
0%
Select your country (L-N) (If your country isn't on this question, leave it blank)MaltaYes
0%
Select your country (L-N) (If your country isn't on this question, leave it blank)Marshall IslandsYes
0%
Dependencies and other territories (J-S) (If yours isn't on this question, leave it blank)MartiniqueYes
0%
Select your country (L-N) (If your country isn't on this question, leave it blank)MauritaniaYes
0%
Select your country (L-N) (If your country isn't on this question, leave it blank)MauritiusYes
0%
Dependencies and other territories (J-S) (If yours isn't on this question, leave it blank)MayotteYes
0%
Select your country (L-N) (If your country isn't on this question, leave it blank)MexicoYes
0%
Select your country (L-N) (If your country isn't on this question, leave it blank)MicronesiaYes
0%
Dependencies and other territories (J-S) (If yours isn't on this question, leave it blank)Midway IslandsYes
0%
Select your country (L-N) (If your country isn't on this question, leave it blank)MoldovaYes
0%
Select your country (L-N) (If your country isn't on this question, leave it blank)MonacoYes
0%
Select your country (L-N) (If your country isn't on this question, leave it blank)MongoliaYes
0%
Select your country (L-N) (If your country isn't on this question, leave it blank)MontenegroYes
0%
Dependencies and other territories (J-S) (If yours isn't on this question, leave it blank)MontserratYes
0%
Select your country (L-N) (If your country isn't on this question, leave it blank)MoroccoYes
0%
Select your country (L-N) (If your country isn't on this question, leave it blank)MozambiqueYes
0%
Select your country (L-N) (If your country isn't on this question, leave it blank)Myanmar (formerly Burma)Yes
0%
Select your country (L-N) (If your country isn't on this question, leave it blank)NamibiaYes
0%
Select your country (L-N) (If your country isn't on this question, leave it blank)NauruYes
0%
Dependencies and other territories (J-S) (If yours isn't on this question, leave it blank)Navassa IslandYes
0%
Select your country (L-N) (If your country isn't on this question, leave it blank)NepalYes
0%
Select your country (L-N) (If your country isn't on this question, leave it blank)NetherlandsYes
0%
Dependencies and other territories (J-S) (If yours isn't on this question, leave it blank)Netherlands AntillesYes
0%
Dependencies and other territories (J-S) (If yours isn't on this question, leave it blank)New CaledoniaYes
0%
Select your country (L-N) (If your country isn't on this question, leave it blank)New ZealandYes
0%
Select your country (L-N) (If your country isn't on this question, leave it blank)NicaraguaYes
0%
Select your country (N-S) (If your country isn't on this question, leave it blank)NigerYes
0%
Select your country (N-S) (If your country isn't on this question, leave it blank)NigeriaYes
0%
Dependencies and other territories (J-S) (If yours isn't on this question, leave it blank)NiueYes
0%
Dependencies and other territories (J-S) (If yours isn't on this question, leave it blank)Norfolk IslandYes
0%
Dependencies and other territories (J-S) (If yours isn't on this question, leave it blank)Northern Mariana IslandsYes
0%
Select your country (N-S) (If your country isn't on this question, leave it blank)North KoreaYes
0%
Select your country (N-S) (If your country isn't on this question, leave it blank)North MacedoniaYes
0%
Select your country (N-S) (If your country isn't on this question, leave it blank)NorwayYes
0%
Select your country (N-S) (If your country isn't on this question, leave it blank)OmanYes
0%
Select your country (N-S) (If your country isn't on this question, leave it blank)PakistanYes
0%
Select your country (N-S) (If your country isn't on this question, leave it blank)PalauYes
0%
Select your country (N-S) (If your country isn't on this question, leave it blank)PalestineYes
0%
Dependencies and other territories (J-S) (If yours isn't on this question, leave it blank)Palmyra AtollYes
0%
Select your country (N-S) (If your country isn't on this question, leave it blank)PanamaYes
0%
Select your country (N-S) (If your country isn't on this question, leave it blank)Papua New GuineaYes
0%
Dependencies and other territories (J-S) (If yours isn't on this question, leave it blank)Paracel IslandsYes
0%
Select your country (N-S) (If your country isn't on this question, leave it blank)ParaguayYes
0%
Select your country (N-S) (If your country isn't on this question, leave it blank)PeruYes
0%
Dependencies and other territories (J-S) (If yours isn't on this question, leave it blank)Peter IslandYes
0%
Select your country (N-S) (If your country isn't on this question, leave it blank)PhilippinesYes
0%
Dependencies and other territories (J-S) (If yours isn't on this question, leave it blank)Pitcairn IslandsYes
0%
Select your country (N-S) (If your country isn't on this question, leave it blank)PolandYes
0%
Select your country (N-S) (If your country isn't on this question, leave it blank)PortugalYes
0%
Dependencies and other territories (J-S) (If yours isn't on this question, leave it blank)Puerto RicoYes
0%
Select your country (N-S) (If your country isn't on this question, leave it blank)QatarYes
0%
Dependencies and other territories (J-S) (If yours isn't on this question, leave it blank)ReunionYes
0%
Select your country (N-S) (If your country isn't on this question, leave it blank)RomaniaYes
0%
Select your country (N-S) (If your country isn't on this question, leave it blank)RussiaYes
0%
Select your country (N-S) (If your country isn't on this question, leave it blank)RwandaYes
0%
Select your country (N-S) (If your country isn't on this question, leave it blank)Saint Kitts and NevisYes
0%
Select your country (N-S) (If your country isn't on this question, leave it blank)Saint LuciaYes
0%
Select your country (N-S) (If your country isn't on this question, leave it blank)Saint Vincent and the GrenadinesYes
0%
Select your country (N-S) (If your country isn't on this question, leave it blank)SamoaYes
0%
Select your country (N-S) (If your country isn't on this question, leave it blank)San MarinoYes
0%
Select your country (S-T) (If your country isn't on this question, leave it blank)Sao Tome and PrincipeYes
0%
Select your country (S-T) (If your country isn't on this question, leave it blank)Saudi ArabiaYes
0%
Select your country (S-T) (If your country isn't on this question, leave it blank)SenegalYes
0%
Select your country (S-T) (If your country isn't on this question, leave it blank)SerbiaYes
0%
Select your country (S-T) (If your country isn't on this question, leave it blank)SeychellesYes
0%
Select your country (S-T) (If your country isn't on this question, leave it blank)Sierra LeoneYes
0%
Select your country (S-T) (If your country isn't on this question, leave it blank)SlovakiaYes
0%
Select your country (S-T) (If your country isn't on this question, leave it blank)SloveniaYes
0%
Select your country (S-T) (If your country isn't on this question, leave it blank)Solomon IslandsYes
0%
Select your country (S-T) (If your country isn't on this question, leave it blank)SomaliaYes
0%
Select your country (S-T) (If your country isn't on this question, leave it blank)South AfricaYes
0%
Dependencies and other territories (J-S) (If yours isn't on this question, leave it blank)South Georgia & South Sandwich IslandsYes
0%
Select your country (S-T) (If your country isn't on this question, leave it blank)South KoreaYes
0%
Select your country (S-T) (If your country isn't on this question, leave it blank)South SudanYes
0%
Select your country (S-T) (If your country isn't on this question, leave it blank)SpainYes
0%
Dependencies and other territoriesSpratly IslandsYes
0%
Select your country (S-T) (If your country isn't on this question, leave it blank)Sri LankaYes
0%
Dependencies and other territories (J-S) (If yours isn't on this question, leave it blank)St. Helena & DependenciesYes
0%
Dependencies and other territories (J-S) (If yours isn't on this question, leave it blank)St. Pierre & MiquelonYes
0%
Select your country (S-T) (If your country isn't on this question, leave it blank)SudanYes
0%
Select your country (S-T) (If your country isn't on this question, leave it blank)SurinameYes
0%
Dependencies and other territoriesSvlabardYes
0%
Select your country (S-T) (If your country isn't on this question, leave it blank)SwedenYes
0%
Select your country (S-T) (If your country isn't on this question, leave it blank)SwitzerlandYes
0%
Select your country (S-T) (If your country isn't on this question, leave it blank)SyriaYes
0%
Select your country (S-T) (If your country isn't on this question, leave it blank)TajikistanYes
0%
Select your country (S-T) (If your country isn't on this question, leave it blank)TanzaniaYes
0%
Select your country (S-T) (If your country isn't on this question, leave it blank)ThailandYes
0%
Select your country (S-T) (If your country isn't on this question, leave it blank)Timor-LesteYes
0%
Select your country (T-Z) (If your country isn't on this question, leave it blank)TogoYes
0%
Dependencies and other territoriesTokelauYes
0%
Select your country (T-Z) (If your country isn't on this question, leave it blank)TongaYes
0%
Select your country (T-Z) (If your country isn't on this question, leave it blank)Trinidad and TobagoYes
0%
Select your country (T-Z) (If your country isn't on this question, leave it blank)TunisiaYes
0%
Select your country (T-Z) (If your country isn't on this question, leave it blank)TurkeyYes
0%
Select your country (T-Z) (If your country isn't on this question, leave it blank)TurkmenistanYes
0%
Dependencies and other territoriesTurks and Caicos IslandsYes
0%
Select your country (T-Z) (If your country isn't on this question, leave it blank)TuvaluYes
0%
Select your country (T-Z) (If your country isn't on this question, leave it blank)UgandaYes
0%
Select your country (T-Z) (If your country isn't on this question, leave it blank)UkraineYes
0%
Select your country (T-Z) (If your country isn't on this question, leave it blank)United Arab EmiratesYes
0%
Select your country (T-Z) (If your country isn't on this question, leave it blank)UruguayYes
0%
Select your country (T-Z) (If your country isn't on this question, leave it blank)UzbekistanYes
0%
Select your country (T-Z) (If your country isn't on this question, leave it blank)VanuatuYes
0%
Select your country (T-Z) (If your country isn't on this question, leave it blank)VenezuelaYes
0%
Select your country (T-Z) (If your country isn't on this question, leave it blank)VietnamYes
0%
Dependencies and other territoriesWake IslandYes
0%
Dependencies and other territoriesWallis and FutunaYes
0%
Select your country (T-Z) (If your country isn't on this question, leave it blank)YemenYes
0%
Select your country (T-Z) (If your country isn't on this question, leave it blank)ZambiaYes
0%
Select your country (T-Z) (If your country isn't on this question, leave it blank)ZimbabweYes
0%

Score Distribution

Percentile by Number Answered

Percent of People with Each Score

Your Score History

You have not taken this quiz